Joueurs hongrois sélectionnés à l'Euro 2024 - Statistiques

Statistiques générales
  • Ce quiz a été pris 3 fois
  • Le résultat moyen est 11 sur 27
Statistiques - réponses
Poste Club Numéro Joueur % Correct
Défenseur SC Fribourg (Allemagne) 4 Attila Szalai
100%
Milieu de terrain Liverpool (Angleterre) 10 Dominik Szoboszlai
100%
Défenseur Le Havre AC (France) 7 Loïc Nego
100%
Défenseur Bournemouth (Angleterre) 11 Milos Kerkez
100%
Gardien RB Leipzig (Allemagne) 1 Péter Gulácsi
100%
Attaquant SC Fribourg (Allemagne) 20 Roland Sallai
100%
Attaquant Ferencváros TC (Hongrie) 19 Barnabás Varga
67%
Gardien Ferencváros TC (Hongrie) 12 Dénes Dibusz
67%
Attaquant Ulsan HD (Corée du Sud) 9 Martin Ádám
67%
Défenseur RB Leipzig (Allemagne) 6 Willi Orbán
67%
Milieu de terrain Spezia Calcio (Italie) 8 Ádám Nagy
33%
Milieu de terrain Union Berlin (Allemagne) 13 András Schäfer
33%
Milieu de terrain Sunderland (Angleterre) 17 Callum Styles
33%
Attaquant Újpest FC (Hongrie) 23 Kevin Csoboth
33%
Milieu de terrain Hajduk Split (Croatie) 15 László Kleinheisler
33%
Gardien Paksi FC (Hongrie) 22 Péter Szappanos
33%
Défenseur Puskás AFC (Hongrie) 18 Zsolt Nagy
33%
Défenseur Omónia Nicosie (Chypre) 2 Ádám Lang
0%
Défenseur Fehérvár FC (Hongrie) 5 Attila Fiola
0%
Défenseur Servette FC (Suisse) 14 Bendegúz Bolla
0%
Défenseur Parme Calcio 1913 (Italie) 3 Botond Balogh
0%
Milieu de terrain Union de Philadelphie (États-Unis) 16 Dániel Gazdag
0%
Défenseur Ferencváros TC (Hongrie) 21 Endre Botka
0%
Attaquant Kecskeméti TE (Hongrie) 25 Krisztofer Horváth
0%
Sélectionneur - - Marco Rossi
0%
Défenseur Hertha Berlin (Allemagne) 24 Márton Dárdai
0%
Milieu de terrain MTK Budapest FC (Hongrie) 26 Mihály Kata
0%
Aucun quiz correspondant
Distribution des résultats
% des personnes avec chaque résultat
Percentile par nombre de réponses
Votre historique - résultats
Vous n’avez pas pris ce quiz